000
00287nam a2200121Ia 4500
008
190216s9999||||xx |||||||||||||| ||und||
100
_a
Timoshenco Stephen.P
245
0
_a
Theory Of Elastic Stability
260
_b
Mcgraw -hill
_c
1963
300
_a
541
650
_a
Physics
942
_c
BK
999
_c
33813
_d
33813